Antologija bosanskohercegovačke poezije 20 vijeka

Bibliographic Details
Other Authors: Duraković, Enes (Compiler), Stojić, Mile (Compiler), Vešović, Marko (Compiler)
Format: Book
Language:Croatian
Published: Sarajevo Alef [2000]
Subjects:

MARC

LEADER 00000cam a2200000 a 4500
001 vtls001413357
003 SK-MaSNL
005 20260302035123.0
008 251124s2000 bn rg 00000 hrv
020 |a 9958699095  |c [380,00] 
035 |a SNK000368080 
040 |a SNK  |b slo  |c SNK  |e AACR2 
041 0 |a hrv 
044 |a bn  |c BA 
080 |a 886.2-1(082.2)  |2 1981 
245 0 0 |a Antologija bosanskohercegovačke poezije 20 vijeka  |c [priredili:] Enes Duraković, Mile Stojić, Marko Vešović 
260 |a Sarajevo  |b Alef  |c [2000] 
300 |a 584 s.  |c 24 cm 
655 7 |a antológie  |2 snkbucl  |9 70414 
655 7 |a chorvátska poézia  |2 SNK  |9 70729 
655 7 |a bosnianska poézia  |2 snkbucl  |9 179819 
700 1 |a Duraković, Enes  |4 com  |9 687577 
700 1 |a Stojić, Mile  |4 com  |9 687578 
700 1 |a Vešović, Marko  |4 com  |9 687579 
919 |a 9958-699-09-5 
999 |c 1069325  |d 1071255 
952 |t P60, <04>, [BOOK], {604}  |a SNK  |b SNK  |y VYP  |7 0  |p 17A0303758  |o snkIC 129488  |i snkV 864/2001  |0 0  |1 0  |4 0  |d 2001-06-25  |l 0  |r 2005-01-02 00:00:00  |w 2026-02-24